Konstrukteurs Weltmeister der Formel 1 - Statistiken

Allgemein
  • Dieses Quiz wurde 118 mal gespielt
  • Das Durchschnittsergebnis liegt bei 55 aus 67
Antwortstatistiken
Hint Antwort % Korrekt
2014 Mercedes
100%
2015 Mercedes
100%
2016 Mercedes
100%
2017 Mercedes
100%
2018 Mercedes
100%
2019 Mercedes
100%
2020 Mercedes
100%
2021 Mercedes
100%
2010 Red Bull
100%
2011 Red Bull
100%
2012 Red Bull
100%
2013 Red Bull
100%
2022 Red Bull
100%
2023 Red Bull
100%
1961 Ferrari
99%
1964 Ferrari
99%
1975 Ferrari
99%
1976 Ferrari
99%
1977 Ferrari
99%
1979 Ferrari
99%
1982 Ferrari
99%
1983 Ferrari
99%
1999 Ferrari
99%
2000 Ferrari
99%
2001 Ferrari
99%
2002 Ferrari
99%
2003 Ferrari
99%
2004 Ferrari
99%
2007 Ferrari
99%
2008 Ferrari
99%
1974 McLaren
99%
1984 McLaren
99%
1985 McLaren
99%
1988 McLaren
99%
1989 McLaren
99%
1990 McLaren
99%
1991 McLaren
99%
1998 McLaren
99%
2024 McLaren
99%
1980 Williams
84%
1981 Williams
84%
1986 Williams
84%
1987 Williams
84%
1992 Williams
84%
1993 Williams
84%
1994 Williams
84%
1996 Williams
84%
1997 Williams
84%
2005 Renault
81%
2006 Renault
81%
2009 Brawn
63%
1995 Benetton
61%
1963 Lotus
58%
1965 Lotus
58%
1968 Lotus
58%
1970 Lotus
58%
1972 Lotus
58%
1973 Lotus
58%
1978 Lotus
58%
1966 Brabham
43%
1967 Brabham
43%
1971 Tyrrell
27%
1962 B.R.M
25%
1959 Cooper
22%
1960 Cooper
22%
1958 Vanwall
19%
1969 Matra
14%
Keine übereinstimmenden Quizze gefunden
Verteilung der Resultate
Anzahl Personen mit jedem Resultat
Perzentil nach korrekt beantworteten Fragen
Ihre Resultats-Entwicklung
Sie haben dieses Quiz noch nicht gespielt